000 00705nam a2200205Ia 4500
005 20260114154807.0
008 008 250103s9999 xx 000 0 eng d
037 _aTheses
040 _aCRL
_beng
_cCRL
041 _aeng
_2eng
084 _qCRL
100 _aTomer Vikas Au.
_9866119
245 0 _aInteractive relationship among psycho-physiological parameters to sports performance and academic achievements
260 _aDelhi
_bUniversity of Delhi. Faculty of Interdisciplinary & Applied Sciences . Department of Physical Education and Sports Sciences
_c2021
300 _a180p.
650 _aSports
_9866120
700 _a Pardeep Kumar Gu.
_9866121
942 _cTH
999 _c1468333
_d1468333